Click the Disney Film by Song #4 - Statistics

General Stats
  • This quiz has been taken 3,819 times
  • The average score is 13 of 25
Answer Stats
Hint Answer % Correct
He's a Tramp 2. Lady and the Tramp
87%
Ev'rybody Wants to Be a Cat 3. The Aristocats
83%
Thomas O'Malley Cat 3. The Aristocats
80%
Into the Unknown 4. Frozen II
78%
The World's Greatest Criminal Mind 5. The Great Mouse Detective
72%
Down in New Orleans 6. The Princess and the Frog
72%
Rescue Aid Society 8. The Rescuers
70%
When We're Human 6. The Princess and the Frog
65%
Bella Notte 2. Lady and the Tramp
57%
Show Yourself 4. Frozen II
56%
Almost There 6. The Princess and the Frog
56%
Friends on the Other Side 6. The Princess and the Frog
56%
Little April Shower 1. Bambi
53%
Let's Sing a Gay Little Spring Song 1. Bambi
46%
Higitus Figitus 7. The Sword in the Stone
46%
Scales and Arpeggios 3. The Aristocats
45%
The Siamese Cat Song 2. Lady and the Tramp
39%
Lost in the Woods 4. Frozen II
38%
Mad Madam Mim 7. The Sword in the Stone
37%
All Is Found 4. Frozen II
33%
A Most Befuddling Thing 7. The Sword in the Stone
24%
Someone's Waiting for You 8. The Rescuers
23%
Love Is a Song 1. Bambi
18%
Goodbye So Soon 5. The Great Mouse Detective
17%
Let Me Be Good to You 5. The Great Mouse Detective
14%
No matching quizzes found
Score Distribution
Percent of People with Each Score
Percentile by Number Answered
Your Score History
You have not taken this quiz